[Event "arad2016"]
[Site "?"]
[Date "2016.08.10"]
[Round "6.6"]
[White "Gilea, Lucian"]
[Black "Abramovic, Bosko"]
[Result "0-1"]
[WhiteElo "2287"]
[BlackElo "2433"]
[PlyCount "146"]
[EventDate "2016.??.??"]

1. d4 {(%clk 1:23:32)} d5 {(%clk 1:29:57)} 2. c4 {(%clk 1:23:34)} e6 {
(%clk 1: 30:20)} 3. Nc3 {(%clk 1:23:57)} Nf6 {(%clk 1:30:42)} 4. Bg5 {
(%clk 1:23:44)} Nbd7 {(%clk 1:30:56)} 5. e3 {(%clk 1:23:59)} c6 {(%clk 1:31:16)
} 6. Bd3 {(%clk 1:24:01)} Be7 {(%clk 1:29:08)} 7. Nf3 {(%clk 1:22:28)} h6 {
(%clk 1:28:43)} 8. Bh4 {(%clk 1:22:54)} O-O {(%clk 1:28:22)} 9. O-O {
(%clk 1:23:13)} dxc4 {(%clk 1:28:45)} 10. Bxc4 {(%clk 1:23:38)} b5 {
(%clk 1:29:13)} 11. Bd3 {(%clk 1: 23:38)} a6 {(%clk 1:29:35)} 12. Ne4 {
(%clk 1:22:01)} Bb7 {(%clk 1:27:59)} 13. Nxf6+ {(%clk 1:21:06)} Bxf6 {
(%clk 1:27:00)} 14. Bxf6 {(%clk 1:21:29)} Qxf6 {(%clk 1:27:18)} 15. Rc1 {
(%clk 1:21:38)} Rfc8 {(%clk 1:24:47)} 16. Be4 {(%clk 1:08:14)} Qe7 {
(%clk 1:21:08)} 17. Qb3 {(%clk 1:07:31)} Nf6 {(%clk 1:19: 38)} 18. Nd2 {
(%clk 1:07:01)} e5 {(%clk 1:19:43)} 19. dxe5 {(%clk 1:05:38)} Qxe5 {
(%clk 1:20:09)} 20. Bf3 {(%clk 1:05:42)} Rab8 {(%clk 1:18:20)} 21. Qa3 {
(%clk 1:05:36)} c5 {(%clk 1:14:40)} 22. Bxb7 {(%clk 1:05:35)} Rxb7 {
(%clk 1:15: 07)} 23. Qxa6 {(%clk 1:04:50)} Qb8 {(%clk 1:15:30)} 24. Qa3 {
(%clk 0:54:59)} Ra7 {(%clk 1:15:40)} 25. Qc3 {(%clk 0:53:35)} Rxa2 {
(%clk 1:15:35)} 26. e4 {(%clk 0:44:16)} c4 {(%clk 1:12:40)} 27. e5 {
(%clk 0:41:23)} Nd7 {(%clk 1:10:17)} 28. Rfe1 {(%clk 0:39:57)} Nc5 {
(%clk 1:07:13)} 29. Rb1 {(%clk 0:35:19)} Nd3 {(%clk 1:02:12)} 30. Re4 {
(%clk 0:32:41)} Qa7 {(%clk 0:51:21)} 31. Re3 {(%clk 0: 32:06)} Rd8 {
(%clk 0:45:27)} 32. h3 {(%clk 0:22:01)} Rxb2 {(%clk 0:42:35)} 33. Rxb2 {
(%clk 0:20:18)} Qa1+ {(%clk 0:42:49)} 34. Nf1 {(%clk 0:20:46)} Nxb2 {
(%clk 0:40:27)} 35. e6 {(%clk 0:20:39)} fxe6 {(%clk 0:39:31)} 36. Rg3 {
(%clk 0: 15:40)} Rd7 {(%clk 0:38:57)} 37. Qf6 {(%clk 0:15:59)} Rf7 {
(%clk 0:38:14)} 38. Qxe6 {(%clk 0:14:47)} Qa7 {(%clk 0:36:56)} 39. Qe8+ {
(%clk 0:09:08)} Rf8 {(%clk 0:37:08)} 40. Qxb5 {(%clk 0:24:01)} Qxf2+ {
(%clk 0:50:29)} 41. Kh2 {(%clk 0:24:29)} Qxf1 {(%clk 0:50:17)} 42. Qxb2 {
(%clk 0:24:49)} Qf6 {(%clk 0: 50:33)} 43. Qb7 {(%clk 0:20:33)} Rd8 {
(%clk 0:49:07)} 44. Qc7 {(%clk 0:19:40)} Rd4 {(%clk 0:48:10)} 45. Kg1 {
(%clk 0:15:30)} Re4 {(%clk 0:45:40)} 46. Qb8+ {(%clk 0:14:09)} Kh7 {
(%clk 0:41:27)} 47. Qb1 {(%clk 0:14:20)} Qd4+ {(%clk 0:41: 18)} 48. Kh2 {
(%clk 0:14:49)} Qe5 {(%clk 0:41:30)} 49. Qc2 {(%clk 0:12:27)} g6 {
(%clk 0:40:38)} 50. Qf2 {(%clk 0:09:51)} h5 {(%clk 0:37:13)} 51. Qf7+ {
(%clk 0:10:10)} Qg7 {(%clk 0:37:20)} 52. Qd5 {(%clk 0:10:28)} Rd4 {
(%clk 0:35: 43)} 53. Qe6 {(%clk 0:10:39)} h4 {(%clk 0:35:16)} 54. Rf3 {
(%clk 0:09:07)} Qc7+ {(%clk 0:32:57)} 55. Kg1 {(%clk 0:09:36)} Rd1+ {
(%clk 0:32:31)} 56. Kf2 {(%clk 0:09:52)} Rd7 {(%clk 0:31:17)} 57. Qf6 {
(%clk 0:07:42)} Qa7+ {(%clk 0:21: 44)} 58. Kf1 {(%clk 0:07:48)} Qd4 {
(%clk 0:22:07)} 59. Qxd4 {(%clk 0:08:01)} Rxd4 {(%clk 0:22:32)} 60. Rf7+ {
(%clk 0:08:27)} Kh6 {(%clk 0:22:49)} 61. Rc7 {(%clk 0:08:50)} Kg5 {
(%clk 0:23:13)} 62. Rc6 {(%clk 0:05:30)} Kf4 {(%clk 0:16: 08)} 63. Ke2 {
(%clk 0:04:35)} g5 {(%clk 0:16:18)} 64. Rc5 {(%clk 0:04:58)} g4 {(%clk 0:15:13)
} 65. hxg4 {(%clk 0:05:18)} Kg3 {(%clk 0:15:23)} 66. Kf1 {(%clk 0:01:42)} Rf4+
{(%clk 0:12:54)} 67. Kg1 {(%clk 0:02:06)} Kxg4 {(%clk 0: 13:14)} 68. Rc7 {
(%clk 0:02:16)} Kf5 {(%clk 0:13:34)} 69. Kh2 {(%clk 0:02:12)} Ke5 {
(%clk 0:13:33)} 70. Kh3 {(%clk 0:00:58)} Kd4 {(%clk 0:13:44)} 71. Rd7+ {
(%clk 0:01:24)} Ke3 {(%clk 0:14:01)} 72. g3 {(%clk 0:01:02)} hxg3 {
(%clk 0:14: 23)} 73. Kxg3 {(%clk 0:01:31)} Rf8 {(%clk 0:14:45)} 0-1

[Event "arad2016"]
[Site "?"]
[Date "2016.08.10"]
[Round "7.25"]
[White "Stancu, Robert Alexandru"]
[Black "Gilea, Lucian"]
[Result "0-1"]
[WhiteElo "2074"]
[BlackElo "2287"]
[PlyCount "62"]
[EventDate "2016.??.??"]

1. e4 {(%clk 1:30:59)} g6 {(%clk 1:25:25)} 2. d4 {(%clk 1:31:24)} Bg7 {
(%clk 1: 25:52)} 3. Nc3 {(%clk 1:31:40)} c6 {(%clk 1:26:04)} 4. Nf3 {
(%clk 1:31:17)} d5 {(%clk 1:26:33)} 5. Be2 {(%clk 1:28:21)} dxe4 {
(%clk 1:26:44)} 6. Nxe4 {(%clk 1:28:44)} Nd7 {(%clk 1:26:07)} 7. O-O {
(%clk 1:27:52)} Ngf6 {(%clk 1:26: 24)} 8. Nxf6+ {(%clk 1:27:44)} Nxf6 {
(%clk 1:26:52)} 9. Bf4 {(%clk 1:26:09)} O-O {(%clk 1:25:53)} 10. c4 {
(%clk 1:22:15)} Ne4 {(%clk 1:23:44)} 11. Bd3 {(%clk 1:17:36)} Nd6 {
(%clk 1:20:30)} 12. Qb3 {(%clk 1:10:37)} b6 {(%clk 1:14: 40)} 13. Ne5 {
(%clk 1:07:17)} c5 {(%clk 1:14:14)} 14. d5 {(%clk 0:36:38)} Bf6 {(%clk 1:06:20)
} 15. a4 {(%clk 0:29:33)} Bd7 {(%clk 1:00:22)} 16. Rfe1 {(%clk 0: 18:51)} Qc8 {
(%clk 0:58:31)} 17. Nxd7 {(%clk 0:18:25)} Qxd7 {(%clk 0:58:59)} 18. Be5 {
(%clk 0:09:43)} Rfe8 {(%clk 0:58:09)} 19. h3 {(%clk 0:06:42)} Bxe5 {
(%clk 0:54:09)} 20. Rxe5 {(%clk 0:07:08)} e6 {(%clk 0:53:35)} 21. a5 {
(%clk 0: 06:05)} Rab8 {(%clk 0:51:54)} 22. Qa3 {(%clk 0:05:13)} b5 {
(%clk 0:50:01)} 23. dxe6 {(%clk 0:04:04)} Rxe6 {(%clk 0:50:01)} 24. Rxe6 {
(%clk 0:03:34)} Qxe6 {(%clk 0:50:11)} 25. cxb5 {(%clk 0:02:35)} c4 {
(%clk 0:50:30)} 26. Bf1 {(%clk 0: 02:37)} Rxb5 {(%clk 0:49:31)} 27. Rc1 {
(%clk 0:02:23)} Qd5 {(%clk 0:44:00)} 28. Qc3 {(%clk 0:02:13)} Rb3 {
(%clk 0:44:15)} 29. Qf6 {(%clk 0:02:20)} Qd2 {(%clk 0:44:15)} 30. Qd8+ {
(%clk 0:01:34)} Kg7 {(%clk 0:44:42)} 31. Rb1 {(%clk 0:01:25)} c3 {
(%clk 0:44:34)} 0-1

[Event "Camp. rumeno 2015"]
[Site "Calimanesti ROM"]
[Date "2015.04.18"]
[Round "1"]
[White "Berescu, Alin Mile"]
[Black "Gilea, Lucian"]
[Result "1-0"]
[WhiteElo "2448"]
[BlackElo "2244"]
[PlyCount "34"]
[EventDate "2015.04.18"]
[EventRounds "9"]

1. d4 Nf6 2. c4 e6 3. Nc3 Bb4 4. Qc2 c5 5. dxc5 Bxc5 6. Nf3 O-O 7. Bg5 Bb4 8.
a3 Be7 9. e4 h6 10. Bf4 Nh5 11. Be3 b6 12. O-O-O Bc5 13. Nd4 Qf6 14. Qd2 a6 15.
g4 Nf4 16. e5 Qxe5 17. Bxf4 Qxd4 1-0

[Event "Camp. rumeno 2015"]
[Site "Calimanesti ROM"]
[Date "2015.04.19"]
[Round "2"]
[White "Gilea, Lucian"]
[Black "Anton, Teodor"]
[Result "0-1"]
[WhiteElo "2244"]
[BlackElo "2421"]
[PlyCount "110"]
[EventDate "2015.04.18"]
[EventRounds "9"]

1. d4 Nf6 2. c4 e6 3. Nf3 c5 4. d5 b5 5. a4 bxc4 6. Nc3 exd5 7. Nxd5 Bb7 8. e4
Nxd5 9. exd5 Qe7+ 10. Be3 Qe4 11. d6 Nc6 12. Nd2 Qe6 13. Bxc4 Qxd6 14. Qb3
O-O-O 15. Bd5 f5 16. O-O Qc7 17. Rac1 Na5 18. Bxb7+ Nxb7 19. Qd5 f4 20. Bxc5
Bxc5 21. b4 Qc6 22. Qh5 g6 23. Qh3 Qe6 24. Qf3 Qc6 25. Qh3 Rdf8 26. bxc5 Rf5
27. Nb3 Rd5 28. Qc3 Re8 29. Nd4 Qxa4 30. c6 dxc6 31. Qh3+ Kb8 32. Nxc6+ Ka8 33.
Ne7 Rc5 34. Nd5 Rxc1 35. Rxc1 Qc6 36. Nc3 a5 37. Ra1 Qe6 38. Qxe6 Rxe6 39. h4
Re5 40. Ra4 Rf5 41. Kf1 f3 42. g3 Rc5 43. Ra3 Nd6 44. Ke1 Ka7 45. Kd1 Ka6 46.
Na2 Rd5+ 47. Ke1 Re5+ 48. Kf1 Nc4 49. Rd3 Re2 50. Nc3 Rc2 51. Kg1 Rc1+ 52. Kh2
Ne5 53. Rd6+ Kb7 54. Nd1 Ng4+ 55. Kh3 Rxd1 0-1

[Event "Camp. rumeno 2015"]
[Site "Calimanesti ROM"]
[Date "2015.04.21"]
[Round "4"]
[White "Banzea, Alexandru Bogdan"]
[Black "Gilea, Lucian"]
[Result "1/2-1/2"]
[WhiteElo "2151"]
[BlackElo "2244"]
[PlyCount "91"]
[EventDate "2015.04.18"]
[EventRounds "9"]

1. e4 c5 2. Nf3 a6 3. c3 d6 4. h3 Qc7 5. d4 Nd7 6. Bd3 Ngf6 7. O-O e5 8. d5 c4
9. Bc2 Nc5 10. Qe2 b5 11. b4 Ncd7 12. a4 Nb6 13. axb5 axb5 14. Rxa8 Nxa8 15.
Be3 Be7 16. Nbd2 Bd8 17. Ra1 Qb8 18. Nf1 O-O 19. g4 Nb6 20. Ng3 g6 21. Nd2 Bb7
22. Qf3 Kg7 23. Kh2 Bc8 24. Rg1 Qa8 25. Nf5+ Bxf5 26. gxf5 Qa2 27. Bb1 Qb2 28.
h4 Na4 29. h5 Qxc3 30. Qh3 Rh8 31. h6+ Kf8 32. fxg6 hxg6 33. Qc8 Ke7 34. Qb7+
Nd7 35. Qxb5 Nab6 36. Ba2 Qb2 37. Bxc4 Nxc4 38. Nxc4 Qe2 39. Qc6 Rxh6+ 40. Bxh6
Qxf2+ 41. Kh1 Qh4+ 42. Kg2 Qxh6 43. Nxd6 Qd2+ 44. Kh1 Qh6+ 45. Kg2 Qd2+ 46. Kh1
1/2-1/2

[Event "Ch Romania"]
[Site "Calimanesti (Romania)"]
[Date "2015.04.20"]
[Round "3"]
[White "Gilea, Lucian"]
[Black "Scripcaru, George Daniel"]
[Result "1/2-1/2"]
[WhiteElo "2244"]
[BlackElo "2284"]
[PlyCount "78"]
[EventDate "2015.??.??"]

1. d4 Nf6 2. c4 g6 3. Nf3 Bg7 4. Bf4 O-O 5. e3 d6 6. h3 Nc6 7. Nc3 a6 8. Be2
Qe8 9. O-O e5 10. Bh2 Bf5 11. Rc1 e4 12. Ne1 h5 13. Nd5 Qc8 14. b4 Re8 15.
Nxf6+ Bxf6 16. b5 axb5 17. cxb5 Nb4 18. Qb3 c5 19. bxc6 Nxc6 20. Bb5 d5 21. f3
exf3 22. Rxf3 Qe6 23. Bxc6 bxc6 24. Qb7 Rec8 25. Qb3 Be7 26. a4 c5 27. Ra1 Bf6
28. Qd1 cxd4 29. exd4 Rc4 30. Be5 Bxe5 31. dxe5 Qxe5 32. a5 Be4 33. Rfa3 Ra6
34. Qd2 Kh7 35. Rc1 Rxc1 36. Qxc1 Qd4+ 37. Kh2 Qe5+ 38. Kg1 Qd4+ 39. Kh2 Qe5+
1/2-1/2

[Event "Ch Romania"]
[Site "Calimanesti (Romania)"]
[Date "2015.04.23"]
[Round "6"]
[White "Vrencian , Lehel"]
[Black "Gilea, Lucian"]
[Result "0-1"]
[WhiteElo "2158"]
[BlackElo "2244"]
[PlyCount "132"]
[EventDate "2015.??.??"]

1. e4 c5 2. Nf3 a6 3. c3 d6 4. d4 Nd7 5. Bd3 Qc7 6. O-O Ngf6 7. Qe2 e5 8. a4
Be7 9. Na3 Rb8 10. Rd1 O-O 11. Bg5 Re8 12. dxe5 dxe5 13. Bxf6 Nxf6 14. Nc4 b5
15. axb5 axb5 16. Ne3 c4 17. Bc2 Bf8 18. Nd5 Qc6 19. b3 cxb3 20. Bxb3 Nxd5 21.
Bxd5 Qf6 22. Ra7 Re7 23. Rda1 Be6 24. Qe3 Rc8 25. Rxe7 Bxe7 26. Rb1 Bd7 27. h4
h6 28. g3 g5 29. Kg2 g4 30. Nh2 Bd8 31. f3 Bb6 32. Qd2 gxf3+ 33. Nxf3 Qg7 34.
Rf1 Rf8 35. Bb3 Qg4 36. Rh1 Qxe4 37. Bc2 Qc6 38. Qe2 Bg4 39. Qd3 Bxf3+ 40. Qxf3
Qxf3+ 41. Kxf3 Rc8 42. Bd3 Rxc3 43. Ke2 b4 44. Kd2 Ra3 45. Rb1 Bc5 46. g4 Kf8
47. Bf5 Rh3 48. h5 Ke7 49. Ra1 Ra3 50. Rh1 Kd6 51. Rf1 Kd5 52. Bb1 Be3+ 53. Ke2
Bf4 54. Rd1+ Ke6 55. Bf5+ Kf6 56. Rd6+ Kg5 57. Rb6 e4 58. Rxb4 Ra2+ 59. Kf1 e3
60. Re4 f6 61. Be6 Rf2+ 62. Ke1 Kh4 63. Bc8 Kg3 64. Re8 Be5 65. Bf5 Kf3 66. Rc8
Rh2 0-1

[Event "Ch Romania"]
[Site "Calimanesti (Romania)"]
[Date "2015.04.24"]
[Round "7"]
[White "Gilea, Lucian"]
[Black "Toma, Radu Cristian"]
[Result "1/2-1/2"]
[WhiteElo "2244"]
[BlackElo "2345"]
[PlyCount "26"]
[EventDate "2015.??.??"]

1. d4 Nf6 2. Nf3 e6 3. c4 b6 4. g3 Bb7 5. Bg2 Be7 6. Nc3 Ne4 7. Nxe4 Bxe4 8.
O-O O-O 9. Ne1 Bxg2 10. Nxg2 d5 11. cxd5 Qxd5 12. Bf4 Nc6 13. Rc1 g5 1/2-1/2

[Event "Ch Romania"]
[Site "Calimanesti (Romania)"]
[Date "2015.04.25"]
[Round "8"]
[White "Stanciu, Alexandru Ovidiu"]
[Black "Gilea, Lucian"]
[Result "1-0"]
[WhiteElo "2343"]
[BlackElo "2244"]
[PlyCount "73"]
[EventDate "2015.??.??"]

1. c4 Nf6 2. g3 c6 3. Bg2 d5 4. Nf3 Bf5 5. O-O e6 6. Qb3 Qb6 7. d3 Nbd7 8. Nc3
Nc5 9. Qxb6 axb6 10. cxd5 exd5 11. Nd4 Bd7 12. b3 b5 13. Bb2 Ne6 14. Nc2 h5 15.
e4 Nc5 16. Rfd1 dxe4 17. dxe4 h4 18. b4 hxg3 19. hxg3 Ne6 20. e5 Nh7 21. a4
bxa4 22. Nxa4 Ra6 23. Bf1 b5 24. Nc5 Rxa1 25. Rxa1 Nxc5 26. Ra8+ Ke7 27. bxc5
Ng5 28. Nd4 f6 29. exf6+ gxf6 30. Bg2 Ne6 31. Nxc6+ Kf7 32. Nd8+ Nxd8 33. Rxd8
Bg4 34. Bd5+ Kg7 35. Rb8 Rh5 36. Rb7+ Kh6 37. Bc1+ 1-0

[Event "Campionatele Nationale pe echipe-Superl"]
[Site "Calimanesti-Caciulata"]
[Date "2014.11.14"]
[Round "7.5"]
[White "Berescu, Alin Mile"]
[Black "Gilea, Lucian"]
[Result "1-0"]
[WhiteElo "2456"]
[BlackElo "2281"]
[PlyCount "47"]
[EventDate "2014.11.08"]
[EventType "team"]
[EventRounds "7"]
[WhiteTeam "CS AEM LUXTEN TIMISOARA"]
[BlackTeam "SAH CLUB GALATI"]

1. c4 Nf6 2. Nc3 c6 3. Nf3 d5 4. e3 a6 5. Qc2 Nbd7 6. cxd5 Nxd5 7. d4 Nxc3 8.
bxc3 Qa5 9. Bd3 e5 10. Bd2 g6 11. h4 h5 12. Bxg6 fxg6 13. Qxg6+ Ke7 14. e4 Kd8
15. Ng5 Kc7 16. Nf7 exd4 17. Qg3+ Kb6 18. Nxh8 Nf6 19. Qd3 Qa4 20. cxd4 Be6 21.
O-O Rd8 22. Ng6 Qa3 23. Qb1+ Ka7 24. Nxf8 1-0

[Event "Campionatele Nationale pe echipe-Superl"]
[Site "Calimanesti-Caciulata"]
[Date "2014.11.16"]
[Round "9.4"]
[White "Gilea, Lucian"]
[Black "Nanu, Ciprian-Costica"]
[Result "0-1"]
[WhiteElo "2281"]
[BlackElo "2513"]
[PlyCount "78"]
[EventDate "2014.11.08"]
[EventType "team"]
[EventRounds "7"]
[WhiteTeam "SAH CLUB GALATI"]
[BlackTeam "CS POLITEHNICA-ANTIBIOTICE IASI"]

1. d4 Nf6 2. c4 e6 3. Nf3 b6 4. g3 Bb4+ 5. Bd2 Be7 6. Bg2 c6 7. Nc3 O-O $2 8.
O-O $2 d5 9. Ne5 Bb7 10. cxd5 cxd5 11. Rc1 Nfd7 12. Bf4 Nxe5 13. Bxe5 Nc6 14.
Bf4 Rc8 15. Be3 Na5 16. b3 Ba6 17. Nb1 Nc6 18. Qd2 Qd7 19. Qb2 Bf6 20. f4 Rc7
21. b4 Bc4 22. Na3 b5 23. Rf2 Be7 24. Nc2 f5 25. Bd2 Rfc8 26. Ne1 Bd6 27. Bf3
Qe7 28. Nc2 Qf6 29. Kg2 Kh8 30. h3 h6 31. h4 g6 32. g4 fxg4 33. Bxg4 h5 34. Bh3
Qxh4 35. Bxe6 Rf8 36. Rh1 Qf6 37. f5 Nd8 38. Rhf1 gxf5 39. Rxf5 Rg7+ 0-1

[Event "Targu Mures ROM, Men Ch 2014"]
[Site "Targu Mures ROM"]
[Date "2014.04.27"]
[Round "2.3"]
[White "Gilea, Lucian"]
[Black "Nevednichy, Vladislav"]
[Result "0-1"]
[WhiteElo "2266"]
[BlackElo "2552"]
[PlyCount "110"]
[EventDate "2014.04.26"]
[EventType "swiss"]
[EventRounds "11"]
[EventCountry "ROM"]
[Source "Chess Mix"]

1. d4 Nf6 2. c4 g6 3. Nc3 Bg7 4. e4 d6 5. Nge2 O-O 6. Ng3 e5 7. d5 a5 8. h4 h5
9. Bg5 Qe8 10. Be2 Na6 11. Qd2 Nc5 12. O-O-O Ng4 13. Bxg4 Bxg4 14. f3 Bd7 15.
Bh6 Qe7 16. Bxg7 Kxg7 17. Qg5 Qxg5+ 18. hxg5 f6 19. gxf6+ Rxf6 20. Kd2 Rh8 21.
Rh4 Rf4 22. Rdh1 Rxh4 23. Rxh4 Kf6 24. Ke3 Rb8 25. Nb5 c6 26. Nc3 b5 27. dxc6
Bxc6 28. cxb5 Bxb5 29. f4 exf4+ 30. Rxf4+ Kg5 31. Rf2 h4 32. Nh1 Nd3 33. Rd2
Ne5 34. b3 Ng4+ 35. Kd4 Ba6 36. Nd5 Rf8 37. Ne3 Bb7 38. Nxg4 Kxg4 39. Ke3 Rf1
40. Nf2+ Kg3 41. Rxd6 g5 42. Rf6 Kxg2 43. Rf5 Re1+ 44. Kd2 Rg1 45. Ke3 Re1+ 46.
Kd2 Rg1 47. Ke3 Kh2 48. Kf3 Rg3+ 49. Ke2 Kg2 50. Rxa5 h3 51. e5 Bf3+ 52. Ke1
Bg4 53. Nxh3 Kxh3 54. Kd2 Bf5 55. b4 g4 0-1

[Event "Targu Mures ROM, Men Ch 2014"]
[Site "Targu Mures ROM"]
[Date "2014.04.29"]
[Round "5.11"]
[White "Vasiesiu, Dan"]
[Black "Gilea, Lucian"]
[Result "1/2-1/2"]
[WhiteElo "2410"]
[BlackElo "2266"]
[PlyCount "237"]
[EventDate "2014.04.26"]
[EventType "swiss"]
[EventRounds "11"]
[EventCountry "ROM"]
[Source "Chess Mix"]

1. e4 c6 2. d4 d5 3. e5 c5 4. Nf3 Nc6 5. c4 Bg4 6. cxd5 Bxf3 7. Qxf3 Nxd4 8.
Qd1 Qxd5 9. Bb5+ Kd8 10. O-O e6 11. Nc3 Qxe5 12. b4 Nf6 13. Re1 Qh5 14. Be2 Qe5
15. Bf3 Qd6 16. Bxb7 Rb8 17. bxc5 Qxc5 18. Be3 e5 19. Ne4 Qc2 20. Bxd4 Qxd1 21.
Raxd1 exd4 22. Nxf6 gxf6 23. Rxd4+ Kc7 24. Bf3 Bc5 25. Rd5 Rb5 26. Rc1 Kb6 27.
Rd7 Rc8 28. Kf1 Rc7 29. Rxc7 Kxc7 30. a4 Ra5 31. Rc4 h6 32. Bd1 Kd7 33. Rh4 Bf8
34. Bb3 Ke8 35. Rd4 Rc5 36. Bc4 Be7 37. Ke2 Kf8 38. Kd3 a5 39. Rd7 f5 40. f4
Rc8 41. Ra7 Rd8+ 42. Kc3 Bb4+ 43. Kb3 Kg7 44. Rxf7+ Kg6 45. Rb7 Rd1 46. Rb6+
Kg7 47. Rb5 Kf6 48. Rb6+ Kg7 49. Rb7+ Kf6 50. h4 Be1 51. Rf7+ Kg6 52. h5+ Kxh5
53. Rxf5+ Kg4 54. Rf8 Rd6 55. f5 Bb4 56. Rf7 Kg5 57. Be6 h5 58. Rg7+ Kf4 59.
g3+ Ke5 60. Rg5 Kf6 61. Rg6+ Ke5 62. Rg5 Kf6 63. Rxh5 Rd3+ 64. Kc4 Rxg3 65. Rh7
Rg7 66. Rh6+ Ke5 67. Kb5 Bd2 68. Rh2 Bb4 69. Kc6 Rg1 70. Re2+ Kf6 71. Bd7 Rc1+
72. Kb6 Re1 73. Rg2 Bc3 74. Rg6+ Ke7 75. Bb5 Re4 76. Rc6 Bb4 77. f6+ Kf8 78.
Bc4 Ke8 79. Be6 Rd4 80. f7+ Ke7 81. Kc7 Rd3 82. Bc4 Rc3 83. Kb6 Rf3 84. Re6+
Kf8 85. Re8+ Kg7 86. Rg8+ Kh6 87. Bd5 Rf5 88. Kc6 Rf6+ 89. Kc7 Rf2 90. Be6 Rc2+
91. Kb6 Rf2 92. Bd5 Rf5 93. Be6 Rf2 94. Re8 Kg7 95. Kb5 Rf1 96. Rg8+ Kh6 97.
Ra8 Kg7 98. Rg8+ Kh6 99. Rg4 Kh7 100. Bd5 Rf5 101. Kc6 Kh6 102. Be6 Rf1 103.
Re4 Rf2 104. Kd7 Ba3 105. Ke8 Rf6 106. Re5 Bb4 107. Bd5 Rf2 108. Be4 Rf6 109.
Bd3 Kg7 110. Rg5+ Kh6 111. Rg4 Re6+ 112. Kd8 Rd6+ 113. Kc7 Rf6 114. Bc4 Kh5
115. Rg8 Kh6 116. Kd7 Rf4 117. Be6 Rf2 118. Rg3 Rd2+ 119. Ke8 1/2-1/2

[Event "Targu Mures ROM, Men Ch 2014"]
[Site "Targu Mures ROM"]
[Date "2014.05.01"]
[Round "7.13"]
[White "Gilea, Lucian"]
[Black "Dragomirescu, Robin Alexandru"]
[Result "0-1"]
[WhiteElo "2266"]
[BlackElo "2343"]
[PlyCount "116"]
[EventDate "2014.04.26"]
[EventType "swiss"]
[EventRounds "11"]
[EventCountry "ROM"]
[Source "Chess Mix"]

1. d4 Nf6 2. c4 e5 3. dxe5 Ng4 4. e4 Nxe5 5. f4 Nec6 6. Be3 Bb4+ 7. Nc3 O-O 8.
Bd3 Bxc3+ 9. bxc3 d6 10. Nf3 Nd7 11. O-O Nc5 12. Bxc5 dxc5 13. e5 f5 14. Qe2 h6
15. Ne1 Nb4 16. Rd1 Nxd3 17. Rxd3 Qe8 18. Nc2 Be6 19. Ne3 a6 20. Rd2 b5 21. Rb1
bxc4 22. Qf3 Qa4 23. Rbd1 Rab8 24. Nd5 Rf7 25. h4 Qa3 26. Qg3 Rbf8 27. Nf6+ Kh8
28. Rd8 gxf6 29. exf6 Rxf6 30. Rxf8+ Rxf8 31. Qg6 Bf7 32. Qxh6+ Kg8 33. Qg5+
Kh8 34. Qf6+ Kg8 35. h5 Qa4 36. Re1 Qd7 37. Qg5+ Kh8 38. Kh2 Qd6 39. Qxf5 Bg8
40. Qe5+ Qxe5 41. Rxe5 Rxf4 42. Kg3 Rf1 43. Kh4 Rc1 44. g4 Rxc3 45. Rxc5 Be6
46. Re5 Bg8 47. Rc5 Rd3 48. Rxc7 c3 49. a3 Bb3 50. Kg5 c2 51. h6 Rd7 52. Rc8+
Kh7 53. Kh5 Bf7+ 54. Kg5 Bg6 55. a4 Rd5+ 56. Kf6 Rd1 57. Rc7+ Kxh6 58. Rc3 Rf1+
0-1

[Event "Targu Mures ROM, Men Ch 2014"]
[Site "Targu Mures ROM"]
[Date "2014.05.01"]
[Round "8.18"]
[White "Anuta, Laurentiu "]
[Black "Gilea, Lucian"]
[Result "0-1"]
[WhiteElo "2013"]
[BlackElo "2266"]
[PlyCount "178"]
[EventDate "2014.04.26"]
[EventType "swiss"]
[EventRounds "11"]
[EventCountry "ROM"]
[Source "Chess Mix"]

1. Nf3 g6 2. b3 Bg7 3. d4 c5 4. Bb2 Nc6 5. e3 d6 6. Nbd2 cxd4 7. Nxd4 Nf6 8.
Be2 O-O 9. Nxc6 bxc6 10. O-O Qc7 11. Rb1 Bf5 12. g4 Be6 13. c4 d5 14. g5 Nd7
15. Bxg7 Kxg7 16. cxd5 cxd5 17. Nf3 Bh3 18. Re1 Qd6 19. Bf1 Bf5 20. Rc1 f6 21.
Qd4 Be4 22. Nd2 Ne5 23. f4 Nf3+ 24. Nxf3 Bxf3 25. Bg2 Bxg2 26. Kxg2 Kg8 27.
gxf6 Rxf6 28. Rc5 Rd8 29. Rd1 Rf5 30. Kf3 Rh5 31. Rd2 Rh3+ 32. Kg2 Qe6 33. Rxd5
Qg4+ 34. Kf1 Rf3+ 35. Rf2 Rf8 36. Rd8 Qh3+ 37. Ke2 Rxe3+ 38. Qxe3 Qg4+ 39. Qf3
Qe6+ 40. Kf1 Rxd8 41. Kg2 Qf5 42. Qh3 Kg7 43. Qxf5 gxf5 44. Rc2 Kf7 45. Kf2 Rd3
46. Re2 Kf6 47. Rc2 e6 48. Re2 Rc3 49. Re3 Rc2+ 50. Re2 Rc7 51. Re5 Rc2+ 52.
Re2 Rc5 53. Kf3 h5 54. b4 Rc1 55. Kf2 Rc4 56. Kg3 h4+ 57. Kf3 Rxb4 58. Re5 Ra4
59. Re2 Ra3+ 60. Kg2 a5 61. Rd2 Rc3 62. Kf2 Ke7 63. Re2 Rh3 64. Kg2 Rd3 65. Kf2
Kd6 66. Kg2 a4 67. Kf2 a3 68. Kg2 Ke7 69. Kf2 Rd1 70. Ke3 Rb1 71. Kd3 Rb4 72.
Rf2 Kd6 73. Kc3 Rb1 74. Rd2+ Kc5 75. Rf2 Re1 76. Kd3 Kd5 77. Kd2 Rb1 78. Kd3 h3
79. Re2 Rg1 80. Re5+ Kd6 81. Re3 Rg2 82. Rxh3 Rxa2 83. Kc4 Rc2+ 84. Kb3 a2 85.
Rd3+ Ke7 86. Rd1 Rxh2 87. Ra1 Rf2 88. Rxa2 Rxa2 89. Kxa2 Kd6 0-1

[Event "Targu Mures ROM, Men Ch 2014"]
[Site "Targu Mures ROM"]
[Date "2014.05.02"]
[Round "9.11"]
[White "Gilea, Lucian"]
[Black "Filip, Lucian-Ioan"]
[Result "0-1"]
[WhiteElo "2266"]
[BlackElo "2455"]
[PlyCount "114"]
[EventDate "2014.04.26"]
[EventType "swiss"]
[EventRounds "11"]
[EventCountry "ROM"]
[Source "Chess Mix"]

1. d4 Nf6 2. c4 e6 3. Nc3 Bb4 4. g3 c5 5. a3 Bxc3+ 6. bxc3 Qa5 7. Bd2 Ne4 8.
Bg2 Nxd2 9. Qxd2 Nc6 10. Nf3 cxd4 11. cxd4 Qxd2+ 12. Kxd2 Na5 13. Kc3 b6 14.
Nd2 Rb8 15. Nb3 Nxb3 16. Kxb3 Ba6 17. Rhc1 Ke7 18. Rc3 Rhc8 19. e3 Rc7 20. Rac1
d6 21. a4 Bc8 22. Ka3 Bd7 23. Kb4 Rbc8 24. f4 Rb8 25. Ka3 Rbc8 26. Kb4 h6 27.
h4 Rb8 28. Ka3 Rbc8 29. Kb4 Be8 30. Bf3 Rb8 31. Ka3 Rbc8 32. Kb4 Rb8 33. Ka3 f6
34. g4 Rbc8 35. Kb4 Rb8 36. g5 hxg5 37. hxg5 fxg5 38. fxg5 Rbc8 39. Be4 Bd7 40.
Bg2 Rh8 41. Rh1 Rxh1 42. Bxh1 Rc8 43. a5 Rh8 44. Bf3 Rh3 45. e4 Rg3 46. a6 Rxg5
47. c5 dxc5+ 48. dxc5 bxc5+ 49. Rxc5 Rxc5 50. Kxc5 e5 51. Kd5 Kf6 52. Be2 g5
53. Kd6 Bh3 54. Bc4 Bg2 55. Bd5 g4 56. Kc7 g3 57. Kb7 Bf1 0-1

[Event "Targu Mures ROM, Men Ch 2014"]
[Site "Targu Mures ROM"]
[Date "2014.05.04"]
[Round "11.15"]
[White "Gheorghiu, Calin"]
[Black "Gilea, Lucian"]
[Result "0-1"]
[WhiteElo "2073"]
[BlackElo "2266"]
[PlyCount "68"]
[EventDate "2014.04.26"]
[EventType "swiss"]
[EventRounds "11"]
[EventCountry "ROM"]
[Source "Chess Mix"]

1. Nf3 d5 2. c4 c6 3. b3 Nf6 4. Bb2 Bf5 5. g3 e6 6. Bg2 Be7 7. O-O Nbd7 8. d3
h6 9. Nbd2 O-O 10. Re1 Bh7 11. Qc2 a5 12. a3 Qb6 13. cxd5 Bc5 14. Rf1 cxd5 15.
e4 Rac8 16. Qd1 Qa6 17. Ne5 Nxe5 18. Bxe5 Nd7 19. d4 Nxe5 20. dxe5 Bd4 21. Rc1
Rcd8 22. exd5 exd5 23. Nf3 Bb2 24. Rc7 Qb6 25. Rc2 Bxc2 26. Qxc2 Bxa3 27. Rd1
Rfe8 28. h3 Bc5 29. Rd2 Bb4 30. Rd4 Rxe5 31. Nxe5 Qxd4 32. Qc7 Rf8 33. Nd7 Re8
34. Nb6 Bc5 0-1

[Event "Ch Romania"]
[Site "Targu Mures (Romania)"]
[Date "2014.04.26"]
[Round "1"]
[White "Coman, Liviu"]
[Black "Gilea, Lucian"]
[Result "0-1"]
[WhiteElo "1810"]
[BlackElo "2266"]
[PlyCount "88"]
[EventDate "2014.??.??"]

1. e4 c5 2. Nf3 a6 3. d4 cxd4 4. Nxd4 Nf6 5. Nc3 e5 6. Nb3 Bb4 7. Bd3 d5 8.
exd5 Nxd5 9. Bd2 Nxc3 10. bxc3 Be7 11. O-O Nc6 12. f4 exf4 13. Bxf4 Be6 14. Qf3
Bg5 15. Rad1 Qb6+ 16. Kh1 Bxf4 17. Qxf4 O-O 18. Rb1 Qa7 19. a4 Rad8 20. Qe4 g6
21. h4 Rd5 22. Rbe1 Rh5 23. Nd4 Nxd4 24. cxd4 Bf5 25. Rxf5 Rxf5 26. g4 Rf6 27.
Re3 Qb8 28. h5 Rf4 29. Qg2 Re8 30. Rxe8+ Qxe8 31. Kh2 Rxd4 32. hxg6 hxg6 33.
Kh3 Qe3+ 34. Kh4 Qh6+ 35. Kg3 Qf4+ 36. Kh3 Rxa4 37. Qe2 Ra1 38. Kg2 Qd4 39. Kf3
Rg1 40. Be4 Qf6+ 41. Ke3 Rg3+ 42. Bf3 Qxf3+ 43. Qxf3 Rxf3+ 44. Kxf3 a5 0-1